Czołgi pod Lenino!

Titel: Czołgi pod Lenino! : 5. Korpus Zmechanizowany w walce 12-18 października 1943 r. : (studium zastosowania broni pancernej) / Kamil Anduła
Verfasser:
Veröffentlicht: Warszawa : Tetragon, 2023
Umfang: 352 Seiten : Illustrationen ; 24 cm
Format: Buch
Sprache: Polnisch
Schriftenreihe/
mehrbändiges Werk:
Seria Monografie
Schlagworte:
ISBN: 9788366687356 ; 836668735X
Buchumschlag
X
alg: 51511623
001A    $03004:29-01-24 
001B    $01999:06-05-25 $t11:39:02.000 
001D    $03004:29-01-24 
001U    $0utf8 
001X    $00 
002@    $0Aau 
002C    $aText $btxt $2rdacontent 
002D    $aohne Hilfsmittel zu benutzen $bn $2rdamedia 
002E    $aBand $bnc $2rdacarrier 
003@    $0515116238 
003O    $01374896136 $aOCoLC 
004A    $A978-83-66687-35-6 
004D    $083-66687-35-X 
006C    $01390813685 $aOCoLC 
007A    $0BV049028148 $aBVB 
007G    $0 
009P    $qapplication/pdf $3Literaturverzeichnis $uhttp://bvbr.bib-bvb.de:8991/F?func=service&doc_library=BVB01&local_base=BVB01&doc_number=034290907&sequence=000003&line_number=0002&func_code=DB_RECORDS&service_type=MEDIA $mDigitalisierung BSB München 19 - ADAM Catalogue Enrichment 
009P    $qapplication/pdf $3Register // Personenregister $uhttp://bvbr.bib-bvb.de:8991/F?func=service&doc_library=BVB01&local_base=BVB01&doc_number=034290907&sequence=000005&line_number=0003&func_code=DB_RECORDS&service_type=MEDIA $mDigitalisierung BSB München 19 - ADAM Catalogue Enrichment 
009P    $qapplication/pdf $3Register // Ortsregister $uhttp://bvbr.bib-bvb.de:8991/F?func=service&doc_library=BVB01&local_base=BVB01&doc_number=034290907&sequence=000007&line_number=0004&func_code=DB_RECORDS&service_type=MEDIA $mDigitalisierung BSB München 19 - ADAM Catalogue Enrichment 
009P    $qapplication/pdf $A2 $3Buch Bibliographie $uhttp://scans.hebis.de/HEBCGI/show.pl?51511623_bib.pdf $mV:DE-603;B:DE-Mb50 
009P    $qapplication/pdf $A2 $3Cover $uhttp://scans.hebis.de/HEBCGI/show.pl?51511623_cov.pdf $mV:DE-603;B:DE-Mb50 
009P    $qapplication/pdf $A2 $3Register $uhttp://scans.hebis.de/HEBCGI/show.pl?51511623_idx.pdf $mV:DE-603;B:DE-Mb50 
009P    $qapplication/pdf $A2 $3Abstract $uhttp://scans.hebis.de/HEBCGI/show.pl?51511623_sum.pdf $mV:DE-603;B:DE-Mb50 
009P    $qapplication/pdf $A2 $3Inhaltsverzeichnis $uhttp://scans.hebis.de/HEBCGI/show.pl?51511623_toc.pdf $mV:DE-603;B:DE-Mb50 
010@    $apol 
010E    $erda 
011@    $a2023 $n2023 
021A    $aCzołgi pod Lenino! $d5. Korpus Zmechanizowany w walce 12-18 października 1943 r. : (studium zastosowania broni pancernej) $hKamil Anduła 
028A    $BVerfasser $4aut $71294434357 $8Anduła, Kamil$Z1985- [Tp3] $950920998X 
033A    $pWarszawa $nTetragon 
034D    $a352 Seiten 
034I    $a24 cm 
034M    $aIllustrationen 
036G    $aSeria Monografie 
044A    $a1 Dywizja Piechoty im $2dbn $S17 $N610 
044A    $a5 Korpus Zmechanizowany (Armia Czerwona) $2dbn $S17 $N610 
044A    $aWehrmacht $2dbn $S17 $N610 
044A    $aZwiązek Radziecki / Raboče-Krestʹânskaâ Krasnaâ Armiâ / 5 Mehanizirovannyj korpus $2jhpk $S17 $N610 
044A    $aZSRR $2dbn $S#7 $N651 
044A    $aII wojna światowa (1939-1945) $2dbn $S#7 $N650 
044A    $aBitwa pod Lenino (1943) $2dbn $S#7 $N650 
044A    $aCzołgi $2dbn $S#7 $N650 
044A    $aKampanie wojenne $2dbn $S#7 $N650 
044A    $aŻołnierze $2dbn $S#7 $N650 
044A    $aWojna światowa (1939-1945) / historia jednostek / Związek Radziecki $2jhpk $S#7 $N650 
044A    $aLenino, Bitwa (1943) $2jhpk $S#7 $N650 
044A    $aWojna światowa (1939-1945) / kampanie i bitwy / front wschodni $2jhpk $S#7 $N650 
044K    $qBVB $8Polen$bPolskie Siły Zbrojne w ZSRR [Tb1] $9473906635 
044K    $qBVB $RRossijskaja Social'-Demokratičeskaja Rabočaja Partija (Bol'ševikov) $RRussische SFSR $RSowjetunion $#Raboče-Krestʹjanskaja Krasnaja Armija Sowjetunion $#Sowjetunion, Krasnaja Armija $#Krasnaja Armija Sowjetunion $#Sowjetunion, Red Army $#Red Army Sowjetunion $#Sowjetunion, Armée rouge $#Armée rouge Sowjetunion $#Sowjetunion, Rote Armee $#Rote Armee Sowjetunion $#RKKA SSSR $7130443-4 $8Sowjetunion$bRaboče-Krestʹjanskaja Krasnaja Armija [Tb1] $9040793427 
044K    $qBVB $RDivision $RPanzertruppe $#Armored troops $#Troupes blindées $74115493-9 $8Panzerdivision [Ts1] $9085349208 
044K    $qBVB $RSchlacht $RRusslandfeldzug $#Battle of Lenino $#Bitva pod Lenino $#Bitwa pod Lenino $#Schlacht um Lenino $#Schlacht bei Lenino $#Битва под Ленино $74552342-3 $8Schlacht von Lenino [Ts1] $9089493508 
045F    $a355.00943809044 $eDDC22BSB 
045F/01 $a355.009 
045F/03 $f09044 
045F/03 $g438 
045F/03 $g478 
045R    $aGeschichte 1943 
045T    $aOST $qDE-12 $2FID 

lok: 51511623 24

exp: 51511623 24 1 #EPN
201B/01 $026-03-25 $t09:43:19.000 
201C/01 $029-01-24 
201U/01 $0utf8 
203@/01 $01255430206 
208@/01 $a26-03-25 $bz 
209A/01 $a25.01511 $du $f050 $h25 01511 $x00 
209C/01 $a25.01511 K $h25 01511 K 
209G/01 $a74947581 $x00 
220C/01 $ahae 
247C/01 $8358050-7 Marburg, Bibliothek des Herder-Instituts Marburg $9102600961
LEADER 00000cam a2200000 c 4500
001 515116238
003 DE-603
005 20250506113902.0
007 tu
008 240129s2023 xx |||| | u00||u|pol c
020 |a 9788366687356 
020 |z 836668735X 
035 |a (DE-599)BVBBV049028148 
035 |a (OCoLC)1374896136 
040 |a DE-603  |b ger  |c DE-603  |d DE-603  |e rda 
041 |a pol 
082 0 4 |8 1\u  |a 355.00943809044  |q DE-101  |2 22/BSB 
084 |a OST  |q DE-12  |2 fid 
085 |8 1\u  |b 355.009 
085 |8 1\u  |z 1  |s 09044 
085 |8 1\u  |z 2  |s 438 
085 |8 1\u  |z 2  |s 478 
100 1 |a Anduła, Kamil  |d 1985-  |e Verfasser  |4 aut  |0 (DE-603)50920998X  |0 (DE-588)1294434357  |2 gnd 
245 0 0 |a Czołgi pod Lenino!  |b 5. Korpus Zmechanizowany w walce 12-18 października 1943 r. : (studium zastosowania broni pancernej)  |c Kamil Anduła 
264 1 |a Warszawa  |b Tetragon  |c 2023 
300 |a 352 Seiten  |b Illustrationen  |c 24 cm 
336 |a Text  |b txt  |2 rdacontent 
337 |a ohne Hilfsmittel zu benutzen  |b n  |2 rdamedia 
338 |a Band  |b nc  |2 rdacarrier 
490 0 |a Seria Monografie 
610 1 7 |a Polen  |b Polskie Siły Zbrojne w ZSRR  |2 gnd  |0 (DE-588)1223481492  |0 (DE-603)473906635 
610 1 7 |a Sowjetunion  |b Raboče-Krestʹjanskaja Krasnaja Armija  |2 gnd  |0 (DE-588)130443-4  |0 (DE-603)040793427 
648 7 |a Geschichte 1943  |2 gnd 
650 7 |a Panzerdivision  |0 (DE-588)4115493-9  |0 (DE-603)085349208  |2 gnd 
650 7 |a Schlacht von Lenino  |0 (DE-588)4552342-3  |0 (DE-603)089493508  |2 gnd 
856 4 2 |m Digitalisierung BSB München 19 - ADAM Catalogue Enrichment  |q application/pdf  |u http://bvbr.bib-bvb.de:8991/F?func=service&doc_library=BVB01&local_base=BVB01&doc_number=034290907&sequence=000003&line_number=0002&func_code=DB_RECORDS&service_type=MEDIA  |3 Literaturverzeichnis 
856 4 2 |m Digitalisierung BSB München 19 - ADAM Catalogue Enrichment  |q application/pdf  |u http://bvbr.bib-bvb.de:8991/F?func=service&doc_library=BVB01&local_base=BVB01&doc_number=034290907&sequence=000005&line_number=0003&func_code=DB_RECORDS&service_type=MEDIA  |3 Register // Personenregister 
856 4 2 |m Digitalisierung BSB München 19 - ADAM Catalogue Enrichment  |q application/pdf  |u http://bvbr.bib-bvb.de:8991/F?func=service&doc_library=BVB01&local_base=BVB01&doc_number=034290907&sequence=000007&line_number=0004&func_code=DB_RECORDS&service_type=MEDIA  |3 Register // Ortsregister 
856 4 2 |m V:DE-603;B:DE-Mb50  |q application/pdf  |u http://scans.hebis.de/HEBCGI/show.pl?51511623_bib.pdf  |3 Buch Bibliographie 
856 4 2 |m V:DE-603;B:DE-Mb50  |q application/pdf  |u http://scans.hebis.de/HEBCGI/show.pl?51511623_cov.pdf  |3 Cover 
856 4 2 |m V:DE-603;B:DE-Mb50  |q application/pdf  |u http://scans.hebis.de/HEBCGI/show.pl?51511623_idx.pdf  |3 Register 
856 4 2 |m V:DE-603;B:DE-Mb50  |q application/pdf  |u http://scans.hebis.de/HEBCGI/show.pl?51511623_sum.pdf  |3 Abstract 
856 4 2 |m V:DE-603;B:DE-Mb50  |q application/pdf  |u http://scans.hebis.de/HEBCGI/show.pl?51511623_toc.pdf  |3 Inhaltsverzeichnis 
924 0 |9 Mb 50  |a (DE-603)1255430206  |b DE-Mb50  |c HES  |d c  |g 25.01511